Регионална библиотека "Любен Каравелов" - Русе

Царят на планините (Запис номер 148819)

MARC детайли
000 -Лидер
Контролно поле с фиксирана дължина 01699nam a2200337 c 4500
003 - Код на организацията, давaща контролен номер
Контролно поле BLK
005 - Дата и час на последна редакция
Контролно поле 20180422112853.0
008 - Елементи от данни с фиксирана дължина
fixed length control field 180410b bul|||||r ||||||| ||bul||
010 ## - Наследен системен номер
LC control number KNG00155047000
040 ## - Източник на каталожния запис
Идентификатор на билиотеката - собственик на записа BLK
041 ## - Код за език
Код за езика на текст/звукозапис или на отделно заглавие Български
Код за езика КДБФ Български
080 ## - УДК
Текстов определител УДК Южноамериканска литература на испански език
УДК код - определител по УДК 821.134.2(8)
УДК определител -93-34
УДК - код + определител 821.134.2(8)-93-34
139 ## - Редно поле
Редна дума Ягендорф, Мориц А. и др.
Авторски знак Яг - Я 20
245 10 - Сведения за заглавието
Заглавие Царят на планините
Подзаглавни данни Нар. приказки от Лат. Америка
Редно поле (дума) събр. и записал Мориц А. Ягендорф; събр. и записал Ралф С. Богз; прев. от англ. Никола Милев; худож. Ани Тузсузова.
250 ## - Област на изданието
Сведения за изданието 2. изд.
257 ## - Страна на издаване
Страна на създаване/издаване Сборници - Свят
260 ## - Област на издателските данни
-- София
Име на издателя, разпространителя и проч. Отечество
Година на издаване 1980
300 ## - Физическа характеристика
Страници 271 с.
Илюстрации и др. с ил.
Размери/Мащаб 24 см
380 ## - Жанр
Жанр Детска худож. лит.
490 1# - СЕРИИ (Колекции)
Име на серия Библиотека Вълшебници
500 ## - Общи забележки
Забележка Ориг. загл. The king of the mountains. - Авт. не са отбелязани на кор. - 1. изд. 1969 с худож. Иван Кирков. - 50 115 тир.
700 1# - Други автори (авторска отговорност)
Лично име Ягендорф, Мориц А.
Автороска отговорност (Описва отношението между автора и произведението) събр. и записал
9 (RLIN) 145136
700 1# - Други автори (авторска отговорност)
Лично име Богз, Ралф С.
Автороска отговорност (Описва отношението между автора и произведението) събр. и записал
9 (RLIN) 40140
700 1# - Други автори (авторска отговорност)
Лично име Милев, Никола
Автороска отговорност (Описва отношението между автора и произведението) прев. от англ.
9 (RLIN) 364883
700 1# - Други автори (авторска отговорност)
Лично име Тузсузова, Ани
Автороска отговорност (Описва отношението между автора и произведението) худож.
9 (RLIN) 378924
852 ## - Местоположение
Форматна сигнатура Цб 265898
856 4# - Електронен адрес и достъп
Електронен формат pdf - файл
Път до файла /url/
856 4# - Електронен адрес и достъп
Електронен формат pdf - файл
Път до файла /url/
942 ## - АРТИКУЛИ
Вид на библиотечния материал Книги
Скрит в OPAC Не
944 ## - СЪЗДАВАНЕ И РЕДАКЦИЯ на ЗАПИСА
Създаване/Редакция Създаване
Дата на регистрацията/редакция 27.12.2013
Статус, дата на статуса 27.12.2013 - от С1,Р / 27.12.2013
Служител, извършил регистрацията/редакцията Даниел_Канатов
944 ## - СЪЗДАВАНЕ И РЕДАКЦИЯ на ЗАПИСА
Създаване/Редакция Редакция
Дата на регистрацията/редакция 21.09.2017
Статус, дата на статуса 27.12.2013 - от С1,Р / 27.12.2013
Служител, извършил регистрацията/редакцията Севдалина_Василева
999 ## - СИСТЕМНИ КОНТРОЛНИ НОМЕРА
Koha biblionumber 148819
Koha biblioitemnumber 148819
Наличности
Код за отписване Код за изгубен артикул Източник на класификационната схема Код за повреда Коз за рестрикции Код за отдаване Артикулен № Име на библиотеката - собственик Име на библиотеката, в която се намира в момента Статус (Текущо местоположение) Дата на вписване в системата Местоположение - отдел Цена в лева Инвентарен номер Систематично азбучна сигнатура Баркод Номер на екземпляра Цена в евро Служебна бележка Служебен тип на артикула Бележка за публиката
  Не е изгубен Universal Decimal Classification Не е повреден без рестрикции ползва се в читалня 248070 Регионална библиотека "Любен Каравелов" Русе Регионална библиотека "Любен Каравелов" Русе Хранилище 1980-01-01 Хранилище 1.76 301943 Цб 265898 120000301943 1 0.90 Дост: Dp Вид: Д N: стар фонд Дата: 01.01.1980 Книги  
Изтеглен Не е изгубен   Не е повреден без рестрикции заемане за дома 248071 Регионална библиотека "Любен Каравелов" Русе Регионална библиотека "Любен Каравелов" Русе   1980-01-01 Детски отдел 1.76 302384 ДХ 820/899/Я 20 302384 2 0.90 Дост: Pk Вид: Ф N: стар фонд Дата: 01.01.1980 Дата инв: 17.09.2015 Бележки инв: Д2015 Книги Отч.N: 39/2017 , Дата: 07.09.2017
Изтеглен Не е изгубен Universal Decimal Classification Не е повреден без рестрикции заемане за дома 248072 Регионална библиотека "Любен Каравелов" Русе Регионална библиотека "Любен Каравелов" Русе Детски отдел 1980-01-01 Детски отдел 1.76 302387 ДХ 820/899/Я 20 302387 3 0.90 Дост: Pk Вид: Ф N: стар фонд Дата: 01.01.1980 Дата инв: 14.08.2015 Бележки инв: Д2015 Книги  
  Не е изгубен Universal Decimal Classification Не е повреден без рестрикции заемане за дома 248073 Регионална библиотека "Любен Каравелов" Русе Регионална библиотека "Любен Каравелов" Русе Детски отдел 1980-01-01 Детски отдел 1.76 302389 ДХ 820/899/Я 20 120000302389 4 0.90 Дост: Pk Вид: Ф N: стар фонд Дата: 01.01.1980 Дата инв: 14.08.2015 Бележки инв: Д2015 Книги  
Изтеглен Не е изгубен Universal Decimal Classification Не е повреден без рестрикции заемане за дома 248074 Регионална библиотека "Любен Каравелов" Русе Регионална библиотека "Любен Каравелов" Русе Детски отдел 1980-01-01 Детски отдел 1.76 641534 ДХ 820/899/Я 20 641534 5 0.90 Дост: Pk Вид: Ф N: стар фонд Дата: 01.01.1980 Дата инв: 17.09.2015 Бележки инв: Д2015 Книги  
Vip Innovations Ltd, Rousse, Bulgaria 2025